00783nam a2200193 a 450000100100000000500170001000800410002704000250006808200150009310000220010824500900013026000600022030000200028049000730030083000770037304900090045095201130045999900170057200001721020250924073802.0100319s1950 dr 000 0 spa d aDO-SdBNPbspacBNPHU axxxbP625a1 aPieter, H.92301710aApuntes de cancerolojía :bpara el prontuario del médico práctico /cH. Pieter. aCiudad Trujillo :bUniversidad de Santo Domingo,c1950. a66 p. ;c25 cm.1 aPublicaciones de la Universidad Autónoma de Santo Domingovvol. 75 aPublicaciones de la Universidad Autónoma de Santo Domingovvol. 75952 aBNPD 0010718PDaPDbPDcCTd2010-03-19iLF1l0oxxx P625ap17210-10r2020-06-25w2020-06-25yLFPDZNo se presta c16735d16735